Modeling, mesh generation, and adaptive numerical methods for partial differential equations /

Saved in:
Bibliographic Details
Other Authors: Babuska, Ivo (Compiler)
Format: Book
Language:English
Published: New York : Springer Verlag, 1995
Edition:1.vyd.
Subjects:
Tags: Add Tag
No Tags, Be the first to tag this record!

MARC

LEADER 00000nam a22000003a 4500
001 stu9302
005 20150617225803.2
008 961212s1995----xxu-----------------eng-d
020 |a 0-387-94542-3 
040 |a STU  |b slo 
041 0 |a eng 
044 |a xxu 
080 |a 519.63 
080 |a 517.95 
100 1 |a Babuska, Ivo  |4 com 
245 1 |a Modeling, mesh generation, and adaptive numerical methods for partial differential equations /  |c Edit. Babuska,Ivo a i 
250 |a 1.vyd. 
260 |a New York :  |b Springer Verlag,  |c 1995 
300 |a 450 s 
650 7 |a parciálne diferenciálne rovnice  |2 stusub 
650 7 |a numerické metódy  |2 stusub 
996 |b E80928  |c E*80928  |l EE03  |s P  |a 0  |w stu9302_0001